[Event "40. Open Ciudad de Sevilla 2015"]
[Site "Sevilla ESP"]
[Date "2015.01.26"]
[Round "3.10"]
[White "Starostits, Ilmars"]
[Black "Planas Gene, Juan"]
[Result "1-0"]
[WhiteElo "2441"]
[BlackElo "2053"]
[PlyCount "101"]
[EventDate "2015.01.25"]
[EventType "swiss"]
[EventRounds "9"]
[EventCountry "ESP"]
[Source "lmi"]
[SourceDate "2015.01.25"]

1. d4 d5 2. c4 c6 3. Nf3 Nf6 4. e3 e6 5. b3 Nbd7 6. Bd3 Bb4+ 7. Nbd2 Ne4 8. O-O
f5 9. Qc2 O-O 10. Bb2 Qe8 11. a3 Bxd2 12. Nxd2 Qh5 13. f3 Nxd2 14. Qxd2 Nf6 15.
Rac1 Bd7 16. a4 Rae8 17. Ba3 Rf7 18. Bd6 Bc8 19. a5 Nd7 20. a6 bxa6 21. cxd5
exd5 22. Rxc6 Rf6 23. Rfc1 Nb6 24. Be5 Rxc6 25. Rxc6 Qf7 26. Qc2 Bd7 27. Rc7
Rc8 28. Bxa6 Rxc7 29. Qxc7 Bc8 30. Qb8 Qd7 31. h3 Kf7 32. Bd3 g6 33. Kh2 Qb7
34. Qxb7+ Bxb7 35. g4 fxg4 36. hxg4 Nd7 37. Bc7 Nf6 38. Bb1 a6 39. Be5 Nd7 40.
Bc7 Nf6 41. g5 Ne8 42. Be5 Ng7 43. Bxg7 Kxg7 44. Kg3 Kf7 45. b4 Ke7 46. Kf4 Kd6
47. e4 Bc8 48. Bc2 Bb7 49. Bb3 Bc6 50. Ke3 Bb7 51. Bxd5 1-0

[Event "40. Open Ciudad de Sevilla 2015"]
[Site "Sevilla ESP"]
[Date "2015.01.26"]
[Round "3.11"]
[White "Granero Roca, Antonio"]
[Black "Arroyo Rodriguez, Jesus"]
[Result "1-0"]
[WhiteElo "2404"]
[BlackElo "2040"]
[PlyCount "81"]
[EventDate "2015.01.25"]
[EventType "swiss"]
[EventRounds "9"]
[EventCountry "ESP"]
[Source "lmi"]
[SourceDate "2015.01.25"]

1. d4 Nf6 2. c4 d6 3. Nf3 g6 4. Nc3 Bf5 5. Nh4 Bd7 6. g3 e5 7. d5 Bg7 8. e4 O-O
9. Ng2 Bh3 10. Ne3 Qc8 11. Be2 Na6 12. f3 Ne8 13. Qc2 f5 14. Rg1 fxe4 15. Nxe4
Bd7 16. Bd2 Nf6 17. Ng5 c6 18. Rc1 Qd8 19. dxc6 bxc6 20. c5 Nxc5 21. Qc4+ Kh8
22. b4 Bh6 23. h4 Na4 24. Nf7+ Rxf7 25. Qxf7 d5 26. b5 cxb5 27. Rc2 Qb6 28. Rf1
Rf8 29. Qe7 Re8 30. Qa3 a5 31. Nxd5 Bxd2+ 32. Rxd2 Nxd5 33. Rxd5 b4 34. Qd3 Bc6
35. Rd6 Nc3 36. Qc4 Qe3 37. Rxc6 Rd8 38. Rc8 Rxc8 39. Qxc8+ Kg7 40. Qd7+ Kg8
41. Qd2 1-0

[Event "40. Open Ciudad de Sevilla 2015"]
[Site "Sevilla ESP"]
[Date "2015.01.26"]
[Round "3.12"]
[White "Blechzin, Igor"]
[Black "Carruana Fuentes, Rafael"]
[Result "1-0"]
[WhiteElo "2357"]
[BlackElo "2033"]
[PlyCount "31"]
[EventDate "2015.01.25"]
[EventType "swiss"]
[EventRounds "9"]
[EventCountry "ESP"]
[Source "lmi"]
[SourceDate "2015.01.25"]

1. Nf3 Nf6 2. c4 c5 3. g3 Nc6 4. Bg2 d5 5. O-O g6 6. d4 dxc4 7. Qa4 Bd7 8. dxc5
Bg7 9. Qxc4 O-O 10. Nc3 a6 11. Rd1 Qc7 12. Bf4 e5 13. Bg5 Be6 14. Qh4 Nd7 15.
Nd5 Bxd5 16. Rxd5 1-0

[Event "40. Open Ciudad de Sevilla 2015"]
[Site "Sevilla ESP"]
[Date "2015.01.26"]
[Round "3.13"]
[White "Gaitan Ramirez, Alfonso"]
[Black "Naranjo Moreno, Antonio"]
[Result "0-1"]
[WhiteElo "2012"]
[BlackElo "2285"]
[PlyCount "34"]
[EventDate "2015.01.25"]
[EventType "swiss"]
[EventRounds "9"]
[EventCountry "ESP"]
[Source "lmi"]
[SourceDate "2015.01.25"]

1. e4 e5 2. Nf3 Nc6 3. Bb5 a6 4. Ba4 Nf6 5. O-O Be7 6. Re1 b5 7. Bb3 O-O 8. c3
d6 9. d4 Bg4 10. d5 Na5 11. Bc2 c5 12. h3 Bd7 13. Nbd2 Ne8 14. Nf1 g6 15. Bh6
Ng7 16. Nxe5 dxe5 17. d6 Bg5 0-1

[Event "40. Open Ciudad de Sevilla 2015"]
[Site "Sevilla ESP"]
[Date "2015.01.26"]
[Round "3.14"]
[White "Diaz Castro, Sergio"]
[Black "Dominguez Fernandez, Angel"]
[Result "1-0"]
[WhiteElo "2255"]
[BlackElo "2030"]
[PlyCount "51"]
[EventDate "2015.01.25"]
[EventType "swiss"]
[EventRounds "9"]
[EventCountry "ESP"]
[Source "lmi"]
[SourceDate "2015.01.25"]

1. e4 c5 2. Nc3 Nc6 3. Bb5 Nd4 4. Bc4 e6 5. Nf3 Ne7 6. Nxd4 cxd4 7. Ne2 Nc6 8.
O-O g6 9. d3 Bg7 10. a3 O-O 11. f4 a6 12. Ng3 b5 13. Ba2 Bb7 14. Bd2 Rc8 15.
Rc1 h5 16. f5 h4 17. Ne2 gxf5 18. exf5 h3 19. f6 Bxf6 20. Rf3 Ne5 21. Rxh3 Ng6
22. Nf4 Nxf4 23. Bxf4 Rc5 24. Rg3+ Kh7 25. Qg4 Rg8 26. Qh3+ 1-0

[Event "40. Open Ciudad de Sevilla 2015"]
[Site "Sevilla ESP"]
[Date "2015.01.26"]
[Round "3.15"]
[White "Muñoz Jorva, Miguel Angel"]
[Black "Gavilan Diaz, Mario"]
[Result "0-1"]
[WhiteElo "1880"]
[BlackElo "2250"]
[PlyCount "72"]
[EventDate "2015.01.25"]
[EventType "swiss"]
[EventRounds "9"]
[EventCountry "ESP"]
[Source "lmi"]
[SourceDate "2015.01.25"]

1. e4 c5 2. Nf3 Nc6 3. d4 cxd4 4. Nxd4 g6 5. c4 Bg7 6. Be3 Nf6 7. Nc3 O-O 8.
Be2 d6 9. f3 Bd7 10. O-O Nxd4 11. Bxd4 Bc6 12. Qd2 a5 13. Rac1 Nd7 14. Bf2 Nc5
15. b3 Qb6 16. Nd5 Bxd5 17. cxd5 Rfc8 18. Rc4 h5 19. Rfc1 Qd8 20. Kf1 Kh7 21.
Be3 b6 22. Qe1 Qf8 23. Qh4 Kg8 24. g4 hxg4 25. Qxg4 Rd8 26. h4 Bh6 27. f4 b5
28. Bxc5 bxc4 29. Bd4 Bg7 30. Bxg7 Qxg7 31. Bxc4 a4 32. Rc2 Qa1+ 33. Ke2 Kg7
34. f5 Rh8 35. fxg6 fxg6 36. Kd3 Qf1+ 0-1

[Event "40. Open Ciudad de Sevilla 2015"]
[Site "Sevilla ESP"]
[Date "2015.01.26"]
[Round "3.16"]
[White "Medina Carrasco, Santiago"]
[Black "Borondo Garcia, Raul"]
[Result "1-0"]
[WhiteElo "2200"]
[BlackElo "2009"]
[PlyCount "95"]
[EventDate "2015.01.25"]
[EventType "swiss"]
[EventRounds "9"]
[EventCountry "ESP"]
[Source "lmi"]
[SourceDate "2015.01.25"]

1. d4 d5 2. Nf3 Nf6 3. c4 c6 4. e3 a6 5. Nc3 Bg4 6. Qb3 b5 7. cxb5 axb5 8. Ne5
Bd7 9. Be2 e6 10. O-O Bd6 11. Bd2 Qe7 12. f4 O-O 13. a4 b4 14. Na2 Na6 15. Bxa6
Rxa6 16. Bxb4 Rb8 17. Bxd6 Qxd6 18. Qc2 Rba8 19. Nc3 Be8 20. Nd3 Nd7 21. b4 Nb6
22. Nc5 R6a7 23. Qe2 f5 24. a5 Nc4 25. N3a4 h6 26. Rac1 Na3 27. Nb6 Rb8 28. h3
Nb5 29. Nd3 Kh7 30. Kh2 Rc7 31. Nc5 Ra7 32. g3 Kh8 33. Rg1 Kh7 34. g4 g6 35.
Kh1 Kh8 36. Qf2 Kh7 37. Qh4 Kg7 38. Rg2 Na3 39. Qg3 Nb5 40. h4 Kh7 41. h5 Rg7
42. Qh3 Qe7 43. Rcg1 gxh5 44. gxf5 Rxg2 45. Rxg2 h4 46. Nxe6 Qf6 47. Qg4 Bh5
48. Qxh5 1-0

[Event "40. Open Ciudad de Sevilla 2015"]
[Site "Sevilla ESP"]
[Date "2015.01.26"]
[Round "3.17"]
[White "Barrero Garcia, Carlos"]
[Black "Septien Lopez, Valeriano *"]
[Result "1-0"]
[WhiteElo "2360"]
[BlackElo "1844"]
[PlyCount "53"]
[EventDate "2015.01.25"]
[EventType "swiss"]
[EventRounds "9"]
[EventCountry "ESP"]
[Source "lmi"]
[SourceDate "2015.01.25"]

1. d4 f5 2. g3 Nf6 3. Bg2 g6 4. Nh3 d6 5. Nc3 c6 6. Bg5 Be6 7. Nf4 Bf7 8. h4
Qb6 9. h5 Bg7 10. h6 Bf8 11. O-O d5 12. Na4 Qa5 13. Nc5 Nbd7 14. b4 Qb6 15. Rb1
Ng4 16. c4 Bxh6 17. Bxh6 Nxh6 18. cxd5 Nxc5 19. dxc5 Qc7 20. dxc6 Rd8 21. Qa4
b6 22. cxb6 axb6 23. Rfd1 O-O 24. Rxd8 Rxd8 25. Rd1 e5 26. Nd5 Qd6 27. Qa6 1-0

[Event "40. Open Ciudad de Sevilla 2015"]
[Site "Sevilla ESP"]
[Date "2015.01.26"]
[Round "3.18"]
[White "Lopez Gonzalez, Daniel"]
[Black "Tirado Parra, Alberto"]
[Result "1-0"]
[WhiteElo "2238"]
[BlackElo "1935"]
[PlyCount "97"]
[EventDate "2015.01.25"]
[EventType "swiss"]
[EventRounds "9"]
[EventCountry "ESP"]
[Source "lmi"]
[SourceDate "2015.01.25"]

1. Nf3 d5 2. c4 e6 3. g3 Nf6 4. Bg2 Be7 5. O-O O-O 6. d4 c6 7. Qc2 b6 8. Nbd2
Bb7 9. e4 dxe4 10. Nxe4 Nbd7 11. Rd1 Nxe4 12. Qxe4 Qc8 13. Bf4 Nf6 14. Qe2 Re8
15. Ne5 c5 16. Bxb7 Qxb7 17. dxc5 Bxc5 18. Nd3 Bd4 19. Be5 Red8 20. Ne1 Bxe5
21. Qxe5 Rac8 22. Ng2 Qf3 23. Qe1 h5 24. Ne3 Ne4 25. Qf1 h4 26. Qg2 Qxg2+ 27.
Kxg2 h3+ 28. Kf3 f5 29. Ke2 g5 30. f3 Nf6 31. Rxd8+ Rxd8 32. Rd1 Rxd1 33. Nxd1
g4 34. Nf2 e5 35. fxg4 fxg4 36. Ke3 Kf7 37. Ne4 Nh5 38. b4 Ke6 39. a4 Kd7 40.
Kd3 Kc6 41. b5+ Kc7 42. c5 bxc5 43. a5 Kb8 44. Kc4 Kc7 45. Kxc5 Nf4 46. b6+
axb6+ 47. axb6+ Kb7 48. gxf4 exf4 49. Nf2 1-0

[Event "40. Open Ciudad de Sevilla 2015"]
[Site "Sevilla ESP"]
[Date "2015.01.26"]
[Round "3.19"]
[White "Alba Huescar, Pedro"]
[Black "Sgnaolin, Davide"]
[Result "0-1"]
[WhiteElo "1939"]
[BlackElo "2219"]
[PlyCount "50"]
[EventDate "2015.01.25"]
[EventType "swiss"]
[EventRounds "9"]
[EventCountry "ESP"]
[Source "lmi"]
[SourceDate "2015.01.25"]

1. d4 Nf6 2. Nf3 c5 3. d5 e6 4. c4 b5 5. dxe6 fxe6 6. Nc3 b4 7. Nb5 d6 8. a3 a6
9. axb4 Bb7 10. Nc3 cxb4 11. Qa4+ Nc6 12. Na2 a5 13. g3 Nd7 14. Bg2 Nc5 15. Qd1
Be7 16. Be3 Bf6 17. Rb1 Qe7 18. O-O O-O 19. b3 Ne4 20. Qd3 Nc5 21. Bxc5 dxc5
22. Qe3 e5 23. Nc1 e4 24. Nd2 Nd4 25. f3 Nc2 0-1

[Event "40. Open Ciudad de Sevilla 2015"]
[Site "Sevilla ESP"]
[Date "2015.01.26"]
[Round "3.20"]
[White "Carrabeo Garcia, Manuel"]
[Black "Coba Moncada, Jacinto"]
[Result "1-0"]
[WhiteElo "2160"]
[BlackElo "1903"]
[PlyCount "86"]
[EventDate "2015.01.25"]
[EventType "swiss"]
[EventRounds "9"]
[EventCountry "ESP"]
[Source "lmi"]
[SourceDate "2015.01.25"]

1. d4 Nf6 2. Nf3 d6 3. c4 Nbd7 4. Nc3 c6 5. Bg5 e5 6. e3 Be7 7. Qc2 h6 8. Bh4
O-O 9. Bd3 Re8 10. O-O-O exd4 11. Nxd4 Nc5 12. Bf5 a5 13. g4 Nd5 14. cxd5 Bxh4
15. dxc6 bxc6 16. Nxc6 Qc7 17. Nd4 Bb7 18. Rhg1 g6 19. Bxg6 fxg6 20. Qxg6+ Qg7
21. Qxg7+ Kxg7 22. Nf5+ Kf6 23. Rxd6+ Re6 24. Rxe6+ Kxe6 25. Nxh4 Nd3+ 26. Kc2
Nxf2 27. Nf5 Rc8 28. Nd4+ Ke5 29. h4 Bd5 30. Rf1 Be4+ 31. Kd2 Nd3 32. Nxe4 Kxe4
33. b3 Rd8 34. Rf6 Ne5 35. Ke2 Rg8 36. Rf4+ Kd5 37. Rf5 Ke4 38. g5 h5 39. Rf4+
Kd5 40. Rf6 Ng4 41. Ra6 Ke4 42. Nf3 Rc8 43. Rxa5 Rc3 1-0

[Event "40. Open Ciudad de Sevilla 2015"]
[Site "Sevilla ESP"]
[Date "2015.01.27"]
[Round "4.3"]
[White "Granero Roca, Antonio"]
[Black "Fernandez Romero, Ernesto"]
[Result "1/2-1/2"]
[WhiteElo "2404"]
[BlackElo "2483"]
[PlyCount "25"]
[EventDate "2015.01.25"]
[EventType "swiss"]
[EventRounds "9"]
[EventCountry "ESP"]
[Source "lmi"]
[SourceDate "2015.01.25"]

1. d4 Nf6 2. c4 e6 3. Nf3 b6 4. g3 Bb4+ 5. Bd2 Bxd2+ 6. Qxd2 Bb7 7. Bg2 O-O 8.
Nc3 Ne4 9. Qc2 Nxc3 10. Qxc3 d6 11. O-O Nd7 12. Rfe1 Nf6 13. Nd2 1/2-1/2

[Event "40. Open Ciudad de Sevilla 2015"]
[Site "Sevilla ESP"]
[Date "2015.01.27"]
[Round "4.5"]
[White "Galego, Luis"]
[Black "Blechzin, Igor"]
[Result "1/2-1/2"]
[WhiteElo "2461"]
[BlackElo "2357"]
[PlyCount "63"]
[EventDate "2015.01.25"]
[EventType "swiss"]
[EventRounds "9"]
[EventCountry "ESP"]
[Source "lmi"]
[SourceDate "2015.01.25"]

1. e4 c5 2. Nf3 d6 3. Nc3 Nf6 4. g3 Nc6 5. Bg2 g6 6. O-O Bg7 7. d3 O-O 8. h3
Rb8 9. Bg5 b5 10. a3 Be6 11. Qd2 Re8 12. Bh6 Bh8 13. Ng5 Bd7 14. f4 Bg7 15.
Bxg7 Kxg7 16. Rae1 h6 17. Nf3 e5 18. f5 Nd4 19. fxg6 fxg6 20. Nxd4 cxd4 21. Nd5
Rf8 22. Nxf6 Rxf6 23. Rxf6 Qxf6 24. Qa5 Ra8 25. Qa6 Qe6 26. Re2 Qe7 27. Qb7 Qd8
28. Rf2 a5 29. Qd5 Be8 30. Qb7+ Bd7 31. Qd5 Be8 32. Qb7+ 1/2-1/2

[Event "40. Open Ciudad de Sevilla 2015"]
[Site "Sevilla ESP"]
[Date "2015.01.27"]
[Round "4.6"]
[White "Gavilan Diaz, Mario"]
[Black "Krysa, Leandro"]
[Result "0-1"]
[WhiteElo "2250"]
[BlackElo "2457"]
[PlyCount "80"]
[EventDate "2015.01.25"]
[EventType "swiss"]
[EventRounds "9"]
[EventCountry "ESP"]
[Source "lmi"]
[SourceDate "2015.01.25"]

1. e4 e5 2. Nf3 Nc6 3. d4 exd4 4. Nxd4 Nf6 5. Nxc6 bxc6 6. Qe2 d6 7. Nc3 Be7 8.
Be3 O-O 9. O-O-O Ng4 10. Bd2 Ne5 11. h3 Be6 12. b3 f6 13. f4 Nd7 14. Qa6 Nb6
15. a4 d5 16. a5 Qd6 17. Nb1 d4 18. f5 Bf7 19. Bc3 Qf4+ 20. Bd2 Qe5 21. Qd3 Nd7
22. Qa6 Nc5 23. Qxc6 Rad8 24. Qb5 d3 25. Nc3 dxc2 26. Kxc2 Bxb3+ 27. Kc1 Rb8
28. Qc6 Bxd1 29. Bc4+ Kh8 30. Rxd1 Nb3+ 31. Bxb3 Rxb3 32. Kc2 Rfb8 33. Bc1 Qxa5
34. Rd5 Qb6 35. Qxb6 R3xb6 36. Rd7 Bd6 37. Nd5 Rc6+ 38. Kd1 Be5 39. g4 Rd6 40.
Rf7 c6 0-1

[Event "40. Open Ciudad de Sevilla 2015"]
[Site "Sevilla ESP"]
[Date "2015.01.27"]
[Round "4.7"]
[White "Oral, Tomas"]
[Black "Diaz Castro, Sergio"]
[Result "1-0"]
[WhiteElo "2498"]
[BlackElo "2255"]
[PlyCount "103"]
[EventDate "2015.01.25"]
[EventType "swiss"]
[EventRounds "9"]
[EventCountry "ESP"]
[Source "lmi"]
[SourceDate "2015.01.25"]

1. e4 d5 2. exd5 Qxd5 3. Nc3 Qd6 4. d4 Nf6 5. Nf3 Bg4 6. h3 Bh5 7. g3 Nc6 8.
Bg2 O-O-O 9. O-O e5 10. dxe5 Nxe5 11. Qe2 Nxf3+ 12. Bxf3 Bxf3 13. Qxf3 Qe6 14.
Kg2 Bb4 15. Ne2 Rhe8 16. Nf4 Qe4 17. Nd3 Bf8 18. Bg5 Rd5 19. Be3 Qxf3+ 20. Kxf3
Rf5+ 21. Kg2 h5 22. Rfe1 Re4 23. Bd2 c5 24. Bc3 Bd6 25. b3 c4 26. Bxf6 Rxe1 27.
Rxe1 cxd3 28. Bd4 Rd5 29. c3 Bc5 30. Bxg7 Kd7 31. Rd1 Kc6 32. Bh6 b5 33. Kf3 a5
34. Be3 b4 35. c4 Rd6 36. Bxc5 Kxc5 37. Ke3 a4 38. Rxd3 Re6+ 39. Kd2 h4 40.
Rd5+ Kc6 41. Ra5 Kb6 42. Rb5+ Kc6 43. Rxb4 axb3 44. axb3 hxg3 45. fxg3 Rg6 46.
g4 Rh6 47. Rb5 Rxh3 48. Ke2 Rg3 49. Rf5 Rxg4 50. Rxf7 Kc5 51. Rf5+ Kc6 52. Kd3
1-0

[Event "40. Open Ciudad de Sevilla 2015"]
[Site "Sevilla ESP"]
[Date "2015.01.27"]
[Round "4.8"]
[White "Lalic, Bogdan"]
[Black "Camacho Calle, Pedro"]
[Result "1-0"]
[WhiteElo "2482"]
[BlackElo "2086"]
[PlyCount "95"]
[EventDate "2015.01.25"]
[EventType "swiss"]
[EventRounds "9"]
[EventCountry "ESP"]
[Source "lmi"]
[SourceDate "2015.01.25"]

1. d4 d5 2. c4 c6 3. Nf3 Nf6 4. Nc3 dxc4 5. a4 Bf5 6. Ne5 Nbd7 7. Nxc4 Nb6 8.
Ne5 a5 9. g3 e6 10. Bg2 Bb4 11. O-O O-O 12. e3 h6 13. Qe2 Bh7 14. Rd1 Nfd7 15.
Nxd7 Nxd7 16. e4 Qe7 17. Be3 Rfd8 18. d5 e5 19. dxc6 bxc6 20. Qc4 Qe6 21. Qxe6
fxe6 22. Na2 Be7 23. Rac1 Nf6 24. f3 Rxd1+ 25. Rxd1 Rb8 26. Rd2 Kf8 27. Bf2 Ke8
28. Bf1 Nd7 29. Rc2 Nb6 30. b3 Kd7 31. Nc1 Nc8 32. Kg2 Bg8 33. Be1 Ba3 34. Nd3
Bd6 35. Rb2 Ra8 36. Bc3 Nb6 37. Nxe5+ Kc7 38. Rc2 Kb7 39. Nc4 Nxc4 40. Bxc4 g6
41. Rd2 Kc7 42. h4 h5 43. f4 Bb4 44. Bxb4 axb4 45. Kf3 e5 46. Bxg8 Rxg8 47.
fxe5 Rf8+ 48. Ke3 1-0

[Event "40. Open Ciudad de Sevilla 2015"]
[Site "Sevilla ESP"]
[Date "2015.01.27"]
[Round "4.9"]
[White "Ballon, Guenther"]
[Black "Barrero Garcia, Carlos"]
[Result "0-1"]
[WhiteElo "2105"]
[BlackElo "2360"]
[PlyCount "76"]
[EventDate "2015.01.25"]
[EventType "swiss"]
[EventRounds "9"]
[EventCountry "ESP"]
[Source "lmi"]
[SourceDate "2015.01.25"]

1. d4 f5 2. e4 fxe4 3. Nc3 Nf6 4. Bg5 Nc6 5. d5 Ne5 6. Qe2 c6 7. Bxf6 gxf6 8.
Qxe4 Qb6 9. Na4 Qa5+ 10. Nc3 cxd5 11. Qxd5 Qxd5 12. Nxd5 Kf7 13. f4 Nc6 14. Nf3
e6 15. Nc3 d5 16. O-O-O f5 17. g3 a6 18. Na4 b5 19. Nb6 Rb8 20. Nxc8 Rxc8 21.
Kb1 Be7 22. Bg2 Bf6 23. Rhe1 Rhg8 24. Bf1 h5 25. Be2 h4 26. Rg1 hxg3 27. Rxg3
Rh8 28. c3 Ne7 29. Rdg1 Rh6 30. R1g2 Ng6 31. Ng5+ Bxg5 32. fxg5 Rh4 33. Rf2
Rch8 34. a4 Rxh2 35. Rgf3 Ne5 36. Rf4 Nc4 37. axb5 axb5 38. b3 Nd6 0-1

[Event "40. Open Ciudad de Sevilla 2015"]
[Site "Sevilla ESP"]
[Date "2015.01.27"]
[Round "4.10"]
[White "Espejo Montagut, Jonathan"]
[Black "Lopez Gonzalez, Daniel"]
[Result "1-0"]
[WhiteElo "2101"]
[BlackElo "2238"]
[PlyCount "95"]
[EventDate "2015.01.25"]
[EventType "swiss"]
[EventRounds "9"]
[EventCountry "ESP"]
[Source "lmi"]
[SourceDate "2015.01.25"]

1. e4 e5 2. Nf3 Nc6 3. Bb5 Nf6 4. d3 d6 5. c3 a6 6. Bxc6+ bxc6 7. Nbd2 c5 8.
O-O g6 9. Re1 Bg7 10. Qa4+ Bd7 11. Qc2 O-O 12. b3 Nh5 13. Bb2 Nf4 14. d4 cxd4
15. cxd4 exd4 16. Bxd4 Bxd4 17. Nxd4 Qg5 18. g3 Nh3+ 19. Kg2 c5 20. N4f3 Qh5
21. Ng1 Nxf2 22. Kxf2 Qxh2+ 23. Ke3 Qxg3+ 24. Ngf3 d5 25. Qxc5 dxe4 26. Qe5
Qxe5 27. Nxe5 Bf5 28. Nxe4 f6 29. Nc4 Rfe8 30. Kf4 Bxe4 31. Rxe4 Rxe4+ 32. Kxe4
Re8+ 33. Kf4 Re2 34. a4 Kg7 35. b4 f5 36. Ne3 Rb2 37. b5 Rb4+ 38. Kf3 a5 39.
Nd5 Rd4 40. Ne7 Rd3+ 41. Ke2 Rb3 42. Nc6 f4 43. Nxa5 Rb2+ 44. Kf3 g5 45. Ra3
Kg6 46. Rb3 Ra2 47. b6 Kf5 48. Rb5+ 1-0

[Event "40. Open Ciudad de Sevilla 2015"]
[Site "Sevilla ESP"]
[Date "2015.01.27"]
[Round "4.11"]
[White "Sgnaolin, Davide"]
[Black "Gomez Cerezo, Diego Jesus"]
[Result "1-0"]
[WhiteElo "2219"]
[BlackElo "1899"]
[PlyCount "49"]
[EventDate "2015.01.25"]
[EventType "swiss"]
[EventRounds "9"]
[EventCountry "ESP"]
[Source "lmi"]
[SourceDate "2015.01.25"]

1. e4 e5 2. Nf3 Nc6 3. Bb5 a6 4. Bxc6 dxc6 5. O-O f6 6. d4 exd4 7. Nxd4 c5 8.
Ne2 Bg4 9. Nbc3 Ne7 10. f3 Bh5 11. Bf4 Qd7 12. Qe1 O-O-O 13. Rd1 Qc6 14. Rxd8+
Kxd8 15. Qd2+ Qd7 16. Qe3 Kc8 17. Qxc5 Bf7 18. Rd1 Nc6 19. Qf2 Qe6 20. Nd5 Bd6
21. Bxd6 cxd6 22. Nef4 Qe8 23. Qg3 g5 24. Nxf6 Qe5 25. Qg4+ 1-0

[Event "40. Open Ciudad de Sevilla 2015"]
[Site "Sevilla ESP"]
[Date "2015.01.27"]
[Round "4.12"]
[White "Ferrer Freyre, David"]
[Black "Carrabeo Garcia, Manuel"]
[Result "1/2-1/2"]
[WhiteElo "1991"]
[BlackElo "2160"]
[PlyCount "64"]
[EventDate "2015.01.25"]
[EventType "swiss"]
[EventRounds "9"]
[EventCountry "ESP"]
[Source "lmi"]
[SourceDate "2015.01.25"]

1. e4 e6 2. d4 d5 3. Nc3 Nf6 4. Bg5 Be7 5. Nf3 Nxe4 6. Bxe7 Qxe7 7. a3 Nxc3 8.
bxc3 Nd7 9. Bd3 O-O 10. O-O c5 11. c4 cxd4 12. cxd5 exd5 13. Nxd4 Nf6 14. Re1
Qd6 15. Re3 a6 16. Rg3 Qf4 17. h3 Re8 18. Rb1 Ne4 19. Bxe4 dxe4 20. Re3 b5 21.
c3 Be6 22. a4 Bc4 23. axb5 Bd3 24. Rb4 axb5 25. Nxb5 Ra2 26. Qe1 Bxb5 27. Rxb5
g6 28. g3 Qf6 29. Rb4 Rd8 30. Re2 Rxe2 31. Qxe2 Qxc3 32. Rxe4 Qc1+ 1/2-1/2

[Event "40. Open Ciudad de Sevilla 2015"]
[Site "Sevilla ESP"]
[Date "2015.01.27"]
[Round "4.13"]
[White "Mcmahon, Daire"]
[Black "Vela Ignacio, Jose Manuel"]
[Result "1-0"]
[WhiteElo "2147"]
[BlackElo "1979"]
[PlyCount "77"]
[EventDate "2015.01.25"]
[EventType "swiss"]
[EventRounds "9"]
[EventCountry "ESP"]
[Source "lmi"]
[SourceDate "2015.01.25"]

1. d4 Nf6 2. Nf3 e6 3. c4 c5 4. e3 b6 5. Nc3 Bb7 6. d5 d6 7. Be2 Be7 8. O-O
exd5 9. cxd5 O-O 10. e4 Nbd7 11. Bf4 a6 12. a4 Re8 13. h3 Bf8 14. Qc2 Qe7 15.
Nd2 Ne5 16. Rfe1 Nfd7 17. Bh2 Rab8 18. Rad1 Qf6 19. f4 Ng6 20. Rf1 Bc8 21. Kh1
Qd8 22. Bc4 Nf6 23. Qd3 Ra8 24. Nf3 Kh8 25. e5 Nh5 26. Ng5 Ra7 27. Qf3 Nhxf4
28. Bxf4 dxe5 29. Be3 f6 30. Nxh7 Kxh7 31. Qh5+ Kg8 32. Qxg6 Bd6 33. Rxf6 Qxf6
34. Qxe8+ Qf8 35. Qxf8+ Kxf8 36. Ne4 Ke7 37. Rf1 Kd7 38. Be2 Bb7 39. Bg4+ 1-0

[Event "40. Open Ciudad de Sevilla 2015"]
[Site "Sevilla ESP"]
[Date "2015.01.27"]
[Round "4.14"]
[White "Castillo Lanciego, Fernando"]
[Black "Perez Garcia, Roberto"]
[Result "0-1"]
[WhiteElo "1970"]
[BlackElo "2128"]
[PlyCount "90"]
[EventDate "2015.01.25"]
[EventType "swiss"]
[EventRounds "9"]
[EventCountry "ESP"]
[Source "lmi"]
[SourceDate "2015.01.25"]

1. e4 e6 2. d4 d5 3. exd5 exd5 4. c4 Bb4+ 5. Nc3 Ne7 6. Bd3 Nbc6 7. Nf3 Bg4 8.
Be3 dxc4 9. Bxc4 O-O 10. O-O Nf5 11. Qd3 Bxc3 12. bxc3 Nd6 13. Bg5 Qd7 14. Bd5
Bf5 15. Qd1 Ne4 16. Bxe4 Bxe4 17. Nd2 Bg6 18. Qf3 Rfe8 19. Rfe1 Na5 20. h3 b6
21. Re3 c6 22. Rae1 Rxe3 23. Qxe3 f6 24. Bf4 Re8 25. Be5 fxe5 26. dxe5 Qd3 27.
Qf4 Rf8 28. Qg5 h6 29. Qe3 Qxe3 30. Rxe3 Re8 31. f4 Bf7 32. Rd3 Bd5 33. Rd4 b5
34. g4 g5 35. a4 a6 36. axb5 axb5 37. Kf2 gxf4 38. Rxf4 Rxe5 39. Rf6 Re6 40.
Rf4 Kg7 41. Rd4 Nb3 42. Nxb3 Bxb3 43. Rd8 Bd5 44. Ra8 Kf6 45. h4 Re4 0-1

[Event "40. Open Ciudad de Sevilla 2015"]
[Site "Sevilla ESP"]
[Date "2015.01.27"]
[Round "4.15"]
[White "Morillo-velarde Gallego, Anton"]
[Black "Buijs Martin, Urtzi"]
[Result "0-1"]
[WhiteElo "1960"]
[BlackElo "2118"]
[PlyCount "44"]
[EventDate "2015.01.25"]
[EventType "swiss"]
[EventRounds "9"]
[EventCountry "ESP"]
[Source "lmi"]
[SourceDate "2015.01.25"]

1. e4 e5 2. Nf3 Nc6 3. Bc4 Nf6 4. Ng5 d5 5. exd5 Nd4 6. c3 b5 7. cxd4 bxc4 8.
dxe5 Qxd5 9. O-O Bb7 10. Nf3 O-O-O 11. Nc3 Qc6 12. exf6 Rd3 13. Ne1 h5 14. Qa4
Qe6 15. Nxd3 cxd3 16. Qh4 gxf6 17. f3 Bc5+ 18. Kh1 f5 19. Re1 Qc6 20. Qc4 Qxf3
21. Rg1 Qf2 22. Ne2 Rg8 0-1

[Event "40. Open Ciudad de Sevilla 2015"]
[Site "Sevilla ESP"]
[Date "2015.01.27"]
[Round "4.16"]
[White "Sevillano Garcia, Joaquin"]
[Black "Aranaz Portugues, Jose Carlos"]
[Result "1/2-1/2"]
[WhiteElo "1863"]
[BlackElo "2106"]
[PlyCount "145"]
[EventDate "2015.01.25"]
[EventType "swiss"]
[EventRounds "9"]
[EventCountry "ESP"]
[Source "lmi"]
[SourceDate "2015.01.25"]

1. d4 e6 2. Nc3 d5 3. e4 Nf6 4. Bg5 Be7 5. Bxf6 Bxf6 6. Nf3 Nc6 7. e5 Be7 8. a3
f6 9. Bb5 Bd7 10. O-O O-O 11. Bxc6 Bxc6 12. exf6 Rxf6 13. Ne5 Bd6 14. f4 Be8
15. Qd2 c5 16. Ne2 Bb5 17. c3 cxd4 18. cxd4 Qb6 19. Rf2 Raf8 20. g3 Rc8 21. Nc3
Be8 22. Re1 a6 23. Ng4 Rg6 24. Ne5 Bxe5 25. Rxe5 Bb5 26. Qe3 Rf8 27. h4 Bd7 28.
Kh2 Qb3 29. Nxd5 Qxe3 30. Nxe3 Bc6 31. d5 exd5 32. Nxd5 Rd6 33. Ne7+ Kf7 34.
Nxc6 Rxc6 35. Rfe2 Rc7 36. Rf5+ Kg8 37. Rxf8+ Kxf8 38. Kh3 Kf7 39. h5 h6 40.
Kg4 Kf6 41. Re4 Rc2 42. Rb4 Rc7 43. Rb6+ Kf7 44. b4 Rd7 45. a4 Rc7 46. Kf5 Re7
47. g4 Rd7 48. g5 hxg5 49. fxg5 Rd5+ 50. Kf4 Rd7 51. g6+ Ke7 52. Ke5 Rc7 53.
Kf5 a5 54. Re6+ Kf8 55. bxa5 Rc4 56. Re5 Rxa4 57. Ke6 Rd4 58. Rd5 Re4+ 59. Kd7
Re1 60. Rf5+ Kg8 61. Kc7 Rb1 62. Kb8 Rb2 63. Ka7 Rb1 64. Rc5 Kf8 65. Rc7 Rb5
66. Rf7+ Kg8 67. Rxb7 Rxa5+ 68. Kb6 Ra8 69. Kc6 Kf8 70. Kd6 Ra6+ 71. Kd7 Ra8
72. Ke6 Ra6+ 73. Kd7 1/2-1/2